[Event "Titled Tuesday intern op 25th Oct Early"]
[Site "Chess.com INT"]
[Date "2022.10.25"]
[Round "1"]
[White "Belov, Vladimir"]
[Black "Forgacs, Attila Jr"]
[Result "1-0"]
[WhiteElo "2598"]
[BlackElo "2268"]
[PlyCount "65"]
[EventDate "2022.10.25"]
[EventType "swiss (blitz)"]
[EventRounds "11"]
[EventCountry "USA"]
[SourceTitle "EXT 2024"]
[Source "ChessBase"]
[SourceDate "2023.10.10"]
[SourceVersion "1"]
[SourceVersionDate "2023.10.10"]
[SourceQuality "1"]

1. e4 e5 2. Nf3 Nc6 3. Bb5 a6 4. Ba4 Nf6 5. 0-0 Be7 6. Re1 b5 7. Bb3 0-0 8. a4 b4 9. d4 d6 10. dxe5 Nxe5 11. Nxe5 dxe5 12. Nd2 Bc5 13. h3 Bb7 14. Qe2 a5 15. Bc4 Qd6 16. Bd3 Nd7 17. Nc4 Qf6 18. Be3 Bd4 19. Bxd4 exd4 20. e5 Qg5 21. Be4 Bxe4 22. Qxe4 c5 23. f4 Qg3 24. Rf1 Ra6 25. Rf3 Qh4 26. Nd6 Qe7 27. Re1 f6 28. Qd5+ Kh8 29. Rff1 fxe5 30. fxe5 Nxe5 31. Qxe5 Rxf1+ 32. Rxf1 Qxd6 33. Qe8+ 1-0

[Event "Titled Tuesday intern op 25th Oct Early"]
[Site "Chess.com INT"]
[Date "2022.10.25"]
[Round "7"]
[White "Belov, Vladimir"]
[Black "Stepanencu, Nicodim Cosmin"]
[Result "1-0"]
[WhiteElo "2598"]
[BlackElo "2285"]
[PlyCount "73"]
[EventDate "2022.10.25"]
[EventType "swiss (blitz)"]
[EventRounds "11"]
[EventCountry "USA"]
[SourceTitle "EXT 2024"]
[Source "ChessBase"]
[SourceDate "2023.10.10"]
[SourceVersion "1"]
[SourceVersionDate "2023.10.10"]
[SourceQuality "1"]

1. e4 c5 2. Nf3 d6 3. d4 cxd4 4. Nxd4 Nf6 5. Nc3 a6 6. Bg5 e6 7. f4 Be7 8. Qf3 Qc7 9. 0-0-0 Nbd7 10. Bd3 b5 11. Rhe1 Bb7 12. Qg3 h6 13. Bxf6 Bxf6 14. Bxb5 axb5 15. Ndxb5 Qb6 16. Nxd6+ Kf8 17. a3 g5 18. Nxf7 Kxf7 19. Rxd7+ Ke8 20. Red1 Rb8 21. R7d6 Qc5 22. Rxe6+ Kf7 23. f5 Rhd8 24. e5 Rxd1+ 25. Nxd1 Bg7 26. Qd3 Bc8 27. Qd8 Bxe6 28. fxe6+ Kxe6 29. Qxb8 Bxe5 30. Qb3+ Ke7 31. h3 Qg1 32. Qf3 Qe1 33. c3 Bf4+ 34. Kc2 Qd2+ 35. Kb3 Kf6 36. Nf2 Kg6 37. Qd3+ 1-0

[Event "Titled Tuesday intern op 25th Oct Early"]
[Site "Chess.com INT"]
[Date "2022.10.25"]
[Round "10"]
[White "Lamaze, Simon"]
[Black "Belov, Vladimir"]
[Result "1-0"]
[WhiteElo "2372"]
[BlackElo "2598"]
[PlyCount "77"]
[EventDate "2022.10.25"]
[EventType "swiss (blitz)"]
[EventRounds "11"]
[EventCountry "USA"]
[SourceTitle "EXT 2024"]
[Source "ChessBase"]
[SourceDate "2023.10.10"]
[SourceVersion "1"]
[SourceVersionDate "2023.10.10"]
[SourceQuality "1"]

1. e4 c5 2. Nf3 d6 3. d4 cxd4 4. Nxd4 Nf6 5. Bb5+ Bd7 6. c4 g6 7. Nc3 Bg7 8. 0-0 0-0 9. h3 Nc6 10. Be3 Rc8 11. Rc1 a6 12. Bxc6 Bxc6 13. Qd3 Qa5 14. b3 Bd7 15. Bd2 Qc7 16. a4 Qb6 17. Be3 Qb4 18. Rb1 Bc6 19. Nc2 Qa5 20. b4 Qc7 21. a5 Bd7 22. Na3 Be6 23. Nd5 Bxd5 24. cxd5 Qc3 25. Rfd1 Qxd3 26. Rxd3 Nxe4 27. b5 Rc3 28. Rb3 axb5 29. Nxb5 Rxd3 30. Rxd3 Rc8 31. Rb3 Be5 32. g3 Rc2 33. Na3 Ra2 34. Nc4 Bf6 35. Rxb7 Nc3 36. a6 Rxa6 37. Nb6 Ra1+ 38. Kg2 Rb1 39. Bh6 1-0

[Event "Titled Tuesday intern op 25th Oct Early"]
[Site "Chess.com INT"]
[Date "2022.10.25"]
[Round "8"]
[White "Salman, Pavel"]
[Black "Belov, Vladimir"]
[Result "0-1"]
[WhiteElo "2287"]
[BlackElo "2598"]
[PlyCount "74"]
[EventDate "2022.10.25"]
[EventType "swiss (blitz)"]
[EventRounds "11"]
[EventCountry "USA"]
[SourceTitle "EXT 2024"]
[Source "ChessBase"]
[SourceDate "2023.10.10"]
[SourceVersion "1"]
[SourceVersionDate "2023.10.10"]
[SourceQuality "1"]

1. Nf3 Nf6 2. g3 d5 3. Bg2 c6 4. 0-0 Bg4 5. d3 Nbd7 6. h3 Bh5 7. Qe1 e5 8. e4 dxe4 9. dxe4 Bc5 10. Nbd2 0-0 11. Nb3 Bb6 12. a4 a5 13. Bd2 Re8 14. Bc3 Qc7 15. Kh1 Nc5 16. Nxc5 Bxc5 17. Nh4 Bd4 18. Nf5 Bxc3 19. Qxc3 Rad8 20. g4 Bg6 21. Rad1 Bxf5 22. exf5 h6 23. Rfe1 Rxd1 24. Rxd1 e4 25. Re1 Qf4 26. Qe3 Qd6 27. c3 Qd5 28. Qd4 Qxd4 29. cxd4 Rd8 30. Bxe4 Rxd4 31. b3 Nxe4 32. Kg2 Nf6 33. Re7 Rb4 34. Re3 Kf8 35. Kf3 Nd5 36. Rd3 Ke7 37. Ke2 Nf4+ 0-1

[Event "Titled Tuesday intern op 13th Sep Early"]
[Site "Chess.com INT"]
[Date "2022.09.13"]
[Round "10"]
[White "Belov, Vladimir"]
[Black "Chan, Luis"]
[Result "1-0"]
[WhiteElo "2598"]
[BlackElo "2192"]
[PlyCount "95"]
[EventDate "2022.09.13"]
[EventType "swiss (blitz)"]
[EventRounds "11"]
[EventCountry "USA"]
[SourceTitle "EXT 2023"]
[Source "ChessBase"]
[SourceDate "2022.10.05"]
[SourceVersion "1"]
[SourceVersionDate "2022.10.05"]
[SourceQuality "1"]

1. d4 d6 2. e4 Nf6 3. Nc3 Nbd7 4. Nf3 e5 5. Bc4 Be7 6. 0-0 0-0 7. a4 c6 8. Re1 b6 9. Be3 a6 10. d5 Bb7 11. dxc6 Bxc6 12. Nd2 Nc5 13. Bxc5 dxc5 14. Qe2 Bb7 15. Nf1 b5 16. axb5 axb5 17. Bxb5 Qb6 18. Rxa8 Rxa8 19. b3 Qa5 20. Nd5 Nxd5 21. exd5 Bd6 22. Ne3 Rd8 23. h4 g6 24. Rd1 e4 25. h5 Qc3 26. Qg4 Qe5 27. hxg6 hxg6 28. g3 Kg7 29. Nc4 Qe7 30. Nxd6 Rxd6 31. c4 e3 32. Qe2 exf2+ 33. Qxf2 Rf6 34. Qb2 Qe3+ 35. Kg2 Bc8 36. Rf1 Bf5 37. Rf3 Qe4 38. Kf2 g5 39. Bd7 Kg6 40. Bxf5+ Rxf5 41. Rxf5 Qxf5+ 42. Kg2 Qe4+ 43. Kf2 Qf5+ 44. Kg1 Qf3 45. Qc2+ f5 46. Kh2 g4 47. Qd2 Kf6 48. d6 1-0

[Event "Titled Tuesday intern op 13th Sep Early"]
[Site "Chess.com INT"]
[Date "2022.09.13"]
[Round "2"]
[White "Belov, Vladimir"]
[Black "Taboas Rodriguez, Daniel"]
[Result "1/2-1/2"]
[WhiteElo "2598"]
[BlackElo "2359"]
[PlyCount "71"]
[EventDate "2022.09.13"]
[EventType "swiss (blitz)"]
[EventRounds "11"]
[EventCountry "USA"]
[SourceTitle "EXT 2023"]
[Source "ChessBase"]
[SourceDate "2022.10.05"]
[SourceVersion "1"]
[SourceVersionDate "2022.10.05"]
[SourceQuality "1"]

1. d4 Nf6 2. c4 g6 3. Nc3 Bg7 4. e4 d6 5. Nf3 0-0 6. Be2 e5 7. 0-0 Nbd7 8. Be3 h6 9. d5 Ng4 10. Bd2 f5 11. exf5 gxf5 12. g3 Nc5 13. Nh4 Nf6 14. Qc2 Nfe4 15. Nxe4 Nxe4 16. Be3 Qf6 17. Rae1 Bd7 18. f4 exf4 19. Rxf4 Qxb2 20. Qxb2 Bxb2 21. Bd3 Rae8 22. Rff1 b6 23. Bxh6 Bg7 24. Bxg7 Kxg7 25. g4 Nd2 26. Rxe8 Rxe8 27. Rd1 Ne4 28. Nxf5+ Bxf5 29. gxf5 Nc5 30. Kf2 Kf6 31. Bc2 Rh8 32. Kg3 Rg8+ 33. Kf3 Rh8 34. Kg3 Rg8+ 35. Kf3 Rh8 36. Kg3 1/2-1/2

[Event "Titled Tuesday intern op 13th Sep Early"]
[Site "Chess.com INT"]
[Date "2022.09.13"]
[Round "9"]
[White "Belov, Vladimir"]
[Black "Wachinger, Guenther"]
[Result "0-1"]
[WhiteElo "2598"]
[BlackElo "2218"]
[PlyCount "82"]
[EventDate "2022.09.13"]
[EventType "swiss (blitz)"]
[EventRounds "11"]
[EventCountry "USA"]
[SourceTitle "EXT 2023"]
[Source "ChessBase"]
[SourceDate "2022.10.05"]
[SourceVersion "1"]
[SourceVersionDate "2022.10.05"]
[SourceQuality "1"]

1. e4 c5 2. Nf3 d6 3. d4 cxd4 4. Nxd4 Nf6 5. Nc3 a6 6. Be3 e6 7. g4 e5 8. Nf5 g6 9. g5 gxf5 10. exf5 d5 11. Qf3 Ne4 12. Nxe4 dxe4 13. Qxe4 Nc6 14. Bc4 Qd7 15. g6 fxg6 16. fxg6 Qe7 17. 0-0-0 Be6 18. Rhg1 Bxc4 19. Qxc4 hxg6 20. Rxg6 Rh4 21. Qb3 Rb4 22. Qg8 Qf7 23. Re6+ Ne7 24. Qxf7+ Kxf7 25. Rxe5 Bg7 26. Rc5 Bxb2+ 27. Kd2 Rd8+ 28. Ke2 Rxd1 29. Kxd1 Nc6 30. Rh5 Bf6 31. Rh7+ Kg6 32. Rc7 Ne5 33. Ke2 Ng4 34. Bd2 Rb2 35. h3 Ne5 36. a4 Nc6 37. Kd3 Nb4+ 38. Bxb4 Rxb4 39. a5 Rb5 40. c4 Rb3+ 41. Ke4 Bd8 0-1

[Event "Titled Tuesday intern op 30th Aug Early"]
[Site "Chess.com INT"]
[Date "2022.08.30"]
[Round "5"]
[White "Belov, Vladimir"]
[Black "Kamsky, Gata"]
[Result "1/2-1/2"]
[WhiteElo "2598"]
[BlackElo "2666"]
[PlyCount "89"]
[EventDate "2022.08.30"]
[EventType "swiss (blitz)"]
[EventRounds "11"]
[EventCountry "USA"]
[SourceTitle "EXT 2023"]
[Source "ChessBase"]
[SourceDate "2022.10.05"]
[SourceVersion "1"]
[SourceVersionDate "2022.10.05"]
[SourceQuality "1"]

1. d4 d5 2. c4 c6 3. Nc3 Nf6 4. Nf3 a6 5. c5 Bf5 6. Bf4 Nbd7 7. e3 e6 8. Be2 Be7 9. h3 0-0 10. 0-0 Re8 11. b4 Ne4 12. Nxe4 Bxe4 13. Ne5 Nxe5 14. Bxe5 Bf6 15. Bxf6 Qxf6 16. f3 Bg6 17. f4 Be4 18. Bf3 Qg6 19. a4 f6 20. Ra2 Bxf3 21. Qxf3 Qd3 22. Qe2 Qxe2 23. Rxe2 e5 24. fxe5 fxe5 25. Ref2 exd4 26. exd4 Re7 27. Rf4 h6 28. h4 Rae8 29. Kh2 Re4 30. Kg3 Rxf4 31. Rxf4 Re1 32. Kg4 Rb1 33. Kf5 Kf7 34. Ke5+ Ke7 35. Rg4 Re1+ 36. Kf5 Kf7 37. h5 Rh1 38. Ke5 Rb1 39. Kd6 Rxb4 40. a5 Rb5 41. Kc7 Kf6 42. Rg6+ Kf7 43. Rg4 Kf6 44. Rg6+ Kf7 45. Rg4 1/2-1/2

[Event "Titled Tuesday intern op 30th Aug Early"]
[Site "Chess.com INT"]
[Date "2022.08.30"]
[Round "1"]
[White "Boder, Jan"]
[Black "Belov, Vladimir"]
[Result "0-1"]
[WhiteElo "2315"]
[BlackElo "2598"]
[PlyCount "76"]
[EventDate "2022.08.30"]
[EventType "swiss (blitz)"]
[EventRounds "11"]
[EventCountry "USA"]
[SourceTitle "EXT 2023"]
[Source "ChessBase"]
[SourceDate "2022.10.05"]
[SourceVersion "1"]
[SourceVersionDate "2022.10.05"]
[SourceQuality "1"]

1. c4 Nf6 2. g3 c6 3. Bg2 d5 4. Nf3 Bg4 5. Qb3 Qb6 6. d3 Nbd7 7. Be3 Qxb3 8. axb3 a6 9. d4 e6 10. Nc3 Bd6 11. 0-0 0-0 12. Rfc1 h6 13. h3 Bf5 14. Na4 Ne4 15. Nd2 Nxd2 16. Bxd2 Rfe8 17. f3 Bxg3 18. e4 Bg6 19. cxd5 exd5 20. e5 f6 21. f4 fxe5 22. fxe5 Rf8 23. Rf1 Bd3 24. Rf3 Rxf3 25. Bxf3 Rf8 26. Kg2 Bf4 27. Bxf4 Rxf4 28. Bg4 Bf5 29. Kg3 g5 30. e6 Nf6 31. Bxf5 Rxf5 32. Nc5 Ne4+ 33. Nxe4 dxe4 34. Re1 Rf4 35. b4 Kg7 36. b3 Kf6 37. Re3 Kxe6 38. Re1 Kd5 0-1

[Event "Titled Tuesday intern op 23rd Aug Early"]
[Site "Chess.com INT"]
[Date "2022.08.23"]
[Round "9"]
[White "Belov, Vladimir"]
[Black "Mindlin, Alon"]
[Result "1-0"]
[WhiteElo "2598"]
[BlackElo "2426"]
[PlyCount "71"]
[EventDate "2022.08.23"]
[EventType "swiss (blitz)"]
[EventRounds "11"]
[EventCountry "USA"]
[SourceTitle "EXT 2023"]
[Source "ChessBase"]
[SourceDate "2022.10.05"]
[SourceVersion "1"]
[SourceVersionDate "2022.10.05"]
[SourceQuality "1"]

1. d4 Nf6 2. c4 e6 3. Nc3 d5 4. cxd5 exd5 5. Bg5 Be7 6. e3 0-0 7. Bd3 c6 8. Nge2 Nbd7 9. 0-0 Re8 10. Qc2 Nf8 11. f3 Nh5 12. Bxe7 Rxe7 13. e4 dxe4 14. fxe4 Bg4 15. Rad1 Ne6 16. Bc4 Rd7 17. h3 Bxe2 18. Nxe2 Qg5 19. Qb3 Re8 20. Rf5 Qg6 21. Rdf1 Nf6 22. Bxe6 fxe6 23. e5 Nd5 24. R5f3 h5 25. Qa3 Kh7 26. Ng3 h4 27. Ne2 Qe4 28. R1f2 a6 29. Qb3 Red8 30. Kh2 Re8 31. a3 Red8 32. Nf4 Qxd4 33. Qc2+ Kg8 34. Ng6 Kh7 35. Nf8+ Kg8 36. Qh7# 1-0

[Event "Titled Tuesday intern op 23rd Aug Early"]
[Site "Chess.com INT"]
[Date "2022.08.23"]
[Round "7"]
[White "Subelj, Jan"]
[Black "Belov, Vladimir"]
[Result "0-1"]
[WhiteElo "2501"]
[BlackElo "2598"]
[PlyCount "74"]
[EventDate "2022.08.23"]
[EventType "swiss (blitz)"]
[EventRounds "11"]
[EventCountry "USA"]
[SourceTitle "EXT 2023"]
[Source "ChessBase"]
[SourceDate "2022.10.05"]
[SourceVersion "1"]
[SourceVersionDate "2022.10.05"]
[SourceQuality "1"]

1. Nf3 Nf6 2. g3 d5 3. Bg2 c6 4. 0-0 Bg4 5. c4 e6 6. Qb3 Qb6 7. d3 Nbd7 8. Be3 Bc5 9. Bxc5 Nxc5 10. Qc2 0-0 11. Nbd2 Rfd8 12. Rfc1 d4 13. Nb3 Nxb3 14. Qxb3 Qc7 15. c5 e5 16. Qc2 h6 17. b4 Nd5 18. a3 a5 19. Qb2 axb4 20. axb4 Qe7 21. h3 Bh5 22. g4 Bg6 23. Nd2 Nf4 24. Bf1 h5 25. Rxa8 Rxa8 26. gxh5 Bxh5 27. e3 Qg5+ 28. Kh2 dxe3 29. Ne4 Qe7 30. fxe3 Nd5 31. Re1 Bg6 32. Ng3 f5 33. e4 f4 34. exd5 fxg3+ 35. Kxg3 Qg5+ 36. Kh2 Qf4+ 37. Kg1 Qg3+ 0-1

[Event "Titled Tuesday intern op 16th Aug Early"]
[Site "Chess.com INT"]
[Date "2022.08.16"]
[Round "8"]
[White "Belov, Vladimir"]
[Black "Guz, Ari"]
[Result "1/2-1/2"]
[WhiteElo "2598"]
[BlackElo "2308"]
[PlyCount "135"]
[EventDate "2022.08.16"]
[EventType "swiss (blitz)"]
[EventRounds "11"]
[EventCountry "USA"]
[SourceTitle "EXT 2023"]
[Source "ChessBase"]
[SourceDate "2022.10.05"]
[SourceVersion "1"]
[SourceVersionDate "2022.10.05"]
[SourceQuality "1"]

1. e4 c5 2. Nf3 e6 3. b3 Nc6 4. Bb2 Nf6 5. Nc3 d6 6. Bb5 Bd7 7. Bxc6 Bxc6 8. Qe2 e5 9. 0-0-0 a6 10. Nh4 b5 11. f4 b4 12. Nd5 Nxd5 13. exd5 Bxd5 14. Nf5 Be6 15. g4 Bxf5 16. gxf5 f6 17. Qh5+ Kd7 18. Qf3 Kc7 19. Rhg1 a5 20. Kb1 a4 21. c3 axb3 22. axb3 bxc3 23. dxc3 exf4 24. b4 Rb8 25. Qxf4 Qd7 26. Rge1 g5 27. Qf3 Qc6 28. Rd5 Re8 29. Red1 Re5 30. bxc5 Rxd5 31. Rxd5 dxc5 32. c4 Be7 33. Qg3+ Bd6 34. Qd3 Rb8 35. Kc1 Bf4+ 36. Kb1 Be5 37. Rxe5 fxe5 38. f6 Qxf6 39. Qxh7+ Kb6 40. Ka2 Ra8+ 41. Kb3 Ka6 42. Bc3 Rb8+ 43. Kc2 Qf2+ 44. Bd2 Qf6 45. Qd7 Qg6+ 46. Kc3 Rb4 47. Qc8+ Kb6 48. Be3 Qd6 49. Bxc5+ Qxc5 50. Qb8+ Kc6 51. Qxb4 Qd4+ 52. Kc2 e4 53. Qb5+ Kc7 54. Qa5+ Kd7 55. Qb5+ Kc7 56. Qa5+ Kb8 57. Qb5+ Kc8 58. c5 e3 59. Qc6+ Kd8 60. Qd6+ Qxd6 61. cxd6 Kd7 62. Kd3 Kxd6 63. Kxe3 Ke6 64. Kf3 Kf6 65. Kg3 Kg6 66. Kg4 Kh6 67. h4 gxh4 68. Kxh4 1/2-1/2

[Event "Titled Tuesday intern op 16th Aug Early"]
[Site "Chess.com INT"]
[Date "2022.08.16"]
[Round "6"]
[White "Belov, Vladimir"]
[Black "Oparin, Grigoriy"]
[Result "1-0"]
[WhiteElo "2598"]
[BlackElo "2683"]
[PlyCount "131"]
[EventDate "2022.08.16"]
[EventType "swiss (blitz)"]
[EventRounds "11"]
[EventCountry "USA"]
[SourceTitle "EXT 2023"]
[Source "ChessBase"]
[SourceDate "2022.10.05"]
[SourceVersion "1"]
[SourceVersionDate "2022.10.05"]
[SourceQuality "1"]

1. e4 c5 2. Nf3 d6 3. c3 Nf6 4. Be2 Bd7 5. d3 Nc6 6. Nbd2 g6 7. 0-0 Bg7 8. Re1 0-0 9. Bf1 e5 10. Nc4 Be6 11. a4 h6 12. h3 Qc7 13. Bd2 Rad8 14. Qb3 Na5 15. Qc2 Nxe4 16. Rxe4 d5 17. Rh4 dxc4 18. Bxh6 Bxh6 19. Rxh6 Kg7 20. Rh4 Bf5 21. Qd2 Rh8 22. Rxh8 Rxh8 23. Re1 cxd3 24. Nxe5 c4 25. g4 Be6 26. Qf4 Qd8 27. Bg2 Qf6 28. Qg3 g5 29. Nf3 Nb3 30. Qc7 Bd5 31. Re5 Bxf3 32. Rf5 Qg6 33. Bxf3 d2 34. Qe5+ Kh7 35. Rxg5 Re8 36. Rh5+ Qxh5 37. Qxh5+ Kg8 38. Qg5+ Kf8 39. Qh6+ Kg8 40. g5 Re6 41. Qh4 Nc1 42. Qxc4 Rd6 43. Bd1 Nd3 44. Qc8+ Kg7 45. Qxb7 Re6 46. Kh2 Nxf2 47. Bf3 Re3 48. Qd5 Rd3 49. Qc6 Kg8 50. Qf6 Ne4 51. Bxe4 d1Q 52. Bxd3 Qxd3 53. Qf2 Qd5 54. h4 Qc4 55. Qd4 Qe2+ 56. Kg3 Qxb2 57. Qd8+ Kg7 58. Qf6+ Kg8 59. g6 Qb8+ 60. Kh3 Qc8+ 61. Kg3 fxg6 62. Qxg6+ Kh8 63. Qf6+ Kg8 64. Qg5+ Kh8 65. Qh5+ Kg8 66. Qg4+ 1-0

[Event "Titled Tuesday intern op 16th Aug Early"]
[Site "Chess.com INT"]
[Date "2022.08.16"]
[Round "4"]
[White "Sirosh, Ilja"]
[Black "Belov, Vladimir"]
[Result "0-1"]
[WhiteElo "2385"]
[BlackElo "2598"]
[PlyCount "124"]
[EventDate "2022.08.16"]
[EventType "swiss (blitz)"]
[EventRounds "11"]
[EventCountry "USA"]
[SourceTitle "EXT 2023"]
[Source "ChessBase"]
[SourceDate "2022.10.05"]
[SourceVersion "1"]
[SourceVersionDate "2022.10.05"]
[SourceQuality "1"]

1. e4 c5 2. Nf3 d6 3. d4 cxd4 4. Nxd4 Nf6 5. Nc3 a6 6. Bc4 e6 7. Bb3 b5 8. Be3 Be7 9. a3 Qc7 10. Qe2 0-0 11. 0-0-0 Nbd7 12. g4 Nc5 13. f3 Rb8 14. g5 Nfd7 15. Ba2 b4 16. axb4 Rxb4 17. h4 Na4 18. Nxa4 Rxa4 19. Kb1 Rb4 20. h5 Nc5 21. g6 Bf6 22. Rhg1 Na4 23. Bb3 Nc5 24. gxf7+ Qxf7 25. Nf5 Kh8 26. Nxd6 Qc7 27. Bxc5 Qxc5 28. e5 Be7 29. Rg4 Rxg4 30. fxg4 a5 31. Rf1 Kg8 32. h6 gxh6 33. Rh1 Bxd6 34. exd6 Qxd6 35. Rxh6 Qf4 36. Bxe6+ Kg7 37. Rh5 Qf1+ 38. Qxf1 Rxf1+ 39. Ka2 Bxe6+ 40. b3 a4 41. Kb2 axb3 42. cxb3 Rf3 43. b4 Rb3+ 44. Kc2 Rxb4 45. Rg5+ Kf6 46. Rh5 Bxg4 47. Rh6+ Kg7 48. Ra6 Bf5+ 49. Kd2 Re4 50. Ra7+ Kg6 51. Ra5 Kg5 52. Kc3 h5 53. Kb2 h4 54. Ra8 h3 55. Rg8+ Kf4 56. Rh8 Bg4 57. Rf8+ Kg3 58. Rb8 h2 59. Rb3+ Bf3 60. Ka3 h1Q 61. Kb2 Qe1 62. Ka3 Qa1# 0-1

[Event "Titled Tuesday intern op 09th Aug Early"]
[Site "Chess.com INT"]
[Date "2022.08.09"]
[Round "5"]
[White "Belov, Vladimir"]
[Black "Bortnyk, Olexandr"]
[Result "0-1"]
[WhiteElo "2598"]
[BlackElo "2604"]
[PlyCount "70"]
[EventDate "2022.08.09"]
[EventType "swiss (blitz)"]
[EventRounds "11"]
[EventCountry "USA"]
[SourceTitle "EXT 2023"]
[Source "ChessBase"]
[SourceDate "2022.10.05"]
[SourceVersion "1"]
[SourceVersionDate "2022.10.05"]
[SourceQuality "1"]

1. d4 d6 2. e4 Nf6 3. Nc3 Nbd7 4. Nf3 e5 5. Bc4 Be7 6. 0-0 c6 7. a4 h6 8. Re1 Qc7 9. h3 g5 10. a5 Nf8 11. Nh2 Ng6 12. Be3 Nf4 13. b4 h5 14. b5 cxb5 15. Bxb5+ Kf8 16. dxe5 dxe5 17. Nd5 N6xd5 18. exd5 Bf5 19. c4 a6 20. c5 axb5 21. d6 Bxd6 22. cxd6 Qc2 23. Nf3 Qxd1 24. Rexd1 f6 25. d7 Rd8 26. Rd6 Ke7 27. Bc5 Rxd7 28. Rad1 Rxd6 29. Rxd6 Kf7 30. Rb6 Be4 31. Nd2 Bxg2 32. Be3 Bd5 33. Rxb5 Rd8 34. h4 g4 35. Nb3 Bc6 0-1

[Event "Titled Tuesday intern op 09th Aug Early"]
[Site "Chess.com INT"]
[Date "2022.08.09"]
[Round "8"]
[White "Belov, Vladimir"]
[Black "Danielyan, Vahe"]
[Result "1-0"]
[WhiteElo "2598"]
[BlackElo "2284"]
[PlyCount "35"]
[EventDate "2022.08.09"]
[EventType "swiss (blitz)"]
[EventRounds "11"]
[EventCountry "USA"]
[SourceTitle "EXT 2023"]
[Source "ChessBase"]
[SourceDate "2022.10.05"]
[SourceVersion "1"]
[SourceVersionDate "2022.10.05"]
[SourceQuality "1"]

1. e4 d5 2. exd5 Qxd5 3. Nc3 Qe5+ 4. Be2 Bg4 5. d4 Bxe2 6. Ngxe2 Qa5 7. 0-0 Nf6 8. d5 c6 9. Nf4 cxd5 10. b4 Qd8 11. Ncxd5 Nxd5 12. Nxd5 e6 13. Re1 Bd6 14. Bb2 h5 15. Bxg7 Rg8 16. Nf6+ Ke7 17. Nxg8+ Qxg8 18. Bf6+ 1-0

[Event "Titled Tuesday intern op 09th Aug Early"]
[Site "Chess.com INT"]
[Date "2022.08.09"]
[Round "2"]
[White "Belov, Vladimir"]
[Black "Yedidia, Daniel"]
[Result "1/2-1/2"]
[WhiteElo "2598"]
[BlackElo "2054"]
[PlyCount "159"]
[EventDate "2022.08.09"]
[EventType "swiss (blitz)"]
[EventRounds "11"]
[EventCountry "USA"]
[SourceTitle "EXT 2023"]
[Source "ChessBase"]
[SourceDate "2022.10.05"]
[SourceVersion "1"]
[SourceVersionDate "2022.10.05"]
[SourceQuality "1"]

1. e4 e5 2. Nf3 Nc6 3. Bb5 a6 4. Ba4 Nf6 5. 0-0 Be7 6. Re1 b5 7. Bb3 0-0 8. d4 d6 9. c3 Bg4 10. d5 Na5 11. Bc2 c6 12. h3 Bh5 13. dxc6 Nxc6 14. Nbd2 Qc7 15. Nf1 b4 16. Ng3 bxc3 17. Nxh5 Nxh5 18. bxc3 Nf4 19. g3 Ne6 20. Be3 Na5 21. Rc1 Rfc8 22. Ba4 Rab8 23. Qe2 Qc4 24. Qxc4 Rxc4 25. Bc2 Rxc3 26. Kg2 Rbc8 27. Ba4 Rxc1 28. Rxc1 Rxc1 29. Bxc1 Nc5 30. Bc2 Nc6 31. Ba3 Kf8 32. Kf1 Bd8 33. Bxc5 dxc5 34. Ba4 Nb4 35. a3 Nd3 36. Bc2 c4 37. Bxd3 cxd3 38. Nxe5 Be7 39. a4 d2 40. Ke2 f6 41. Nc4 Bc5 42. Nxd2 Ke7 43. f4 Kd6 44. Nb3 Bb6 45. g4 Ke6 46. Kd3 Kd6 47. Nd4 g6 48. Kc4 Ba5 49. Nf3 Bb6 50. e5+ fxe5 51. Nxe5 Be3 52. Nd3 Bd2 53. Kd4 Ba5 54. Ke4 Ke6 55. h4 Kd6 56. h5 Bd8 57. h6 Bf6 58. g5 Bc3 59. f5 Ke7 60. fxg6 hxg6 61. Nf4 Kf7 62. Nd5 Bd2 63. Nf4 Bc3 64. Kf3 Bd2 65. Kg4 a5 66. h7 Kg7 67. Nxg6 Bc3 68. Nf4 Kxh7 69. Kf5 Kg7 70. Nd5 Be1 71. Nf4 Bd2 72. g6 Bxf4 73. Kxf4 Kxg6 74. Ke5 Kf7 75. Kd5 Ke8 76. Kc5 Kd8 77. Kb5 Kc8 78. Kxa5 Kb8 79. Kb6 Ka8 80. a5 1/2-1/2

[Event "Titled Tuesday intern op 09th Aug Early"]
[Site "Chess.com INT"]
[Date "2022.08.09"]
[Round "7"]
[White "Le, Tuan Minh"]
[Black "Belov, Vladimir"]
[Result "1-0"]
[WhiteElo "2542"]
[BlackElo "2598"]
[PlyCount "83"]
[EventDate "2022.08.09"]
[EventType "swiss (blitz)"]
[EventRounds "11"]
[EventCountry "USA"]
[SourceTitle "EXT 2023"]
[Source "ChessBase"]
[SourceDate "2022.10.05"]
[SourceVersion "1"]
[SourceVersionDate "2022.10.05"]
[SourceQuality "1"]

1. d4 Nf6 2. Nf3 g6 3. Bg5 Bg7 4. Nbd2 0-0 5. c3 d6 6. e4 h6 7. Bh4 c5 8. dxc5 dxc5 9. Bc4 Nc6 10. Qe2 Nh5 11. 0-0 Qc7 12. Rfe1 Bg4 13. Qe3 Ne5 14. Nxe5 Qxe5 15. Nf3 Qc7 16. h3 Bxf3 17. Qxf3 e6 18. Rad1 Nf4 19. Bg3 Be5 20. Bf1 Rad8 21. Qe3 g5 22. h4 Kg7 23. hxg5 hxg5 24. Bh2 Ne2+ 25. Bxe2 Bxh2+ 26. Kf1 Bf4 27. Qf3 Rxd1 28. Bxd1 Rd8 29. g3 Bc1 30. e5 Qe7 31. b3 Bd2 32. Re4 Bxc3 33. Bc2 Bb2 34. Kg2 Rd4 35. Re2 Ba1 36. Qh5 Qd8 37. Qh7+ Kf8 38. Be4 b5 39. Re1 Rd1 40. Qh8+ Ke7 41. Qf6+ Kf8 42. Qh6+ 1-0

[Event "Titled Tuesday intern op 09th Aug Early"]
[Site "Chess.com INT"]
[Date "2022.08.09"]
[Round "1"]
[White "Menezes, Christoph"]
[Black "Belov, Vladimir"]
[Result "0-1"]
[WhiteElo "2414"]
[BlackElo "2598"]
[PlyCount "52"]
[EventDate "2022.08.09"]
[EventType "swiss (blitz)"]
[EventRounds "11"]
[EventCountry "USA"]
[SourceTitle "EXT 2023"]
[Source "ChessBase"]
[SourceDate "2022.10.05"]
[SourceVersion "1"]
[SourceVersionDate "2022.10.05"]
[SourceQuality "1"]

1. d4 Nf6 2. c4 g6 3. Nc3 d5 4. Nf3 Bg7 5. Bf4 0-0 6. e3 c5 7. dxc5 Ne4 8. Rc1 Nd7 9. cxd5 Ndxc5 10. Be5 Bxe5 11. Nxe5 Qb6 12. Nc4 Qf6 13. f3 Qh4+ 14. g3 Nxg3 15. hxg3 Qxh1 16. Qd4 Bh3 17. Nd2 Rac8 18. Rd1 Bxf1 19. Nxf1 Qxf3 20. Rd2 e5 21. Qxe5 Rfe8 22. Qg5 Ne4 23. Qf4 Nxd2 24. Kxd2 Qg2+ 25. Kd3 Rxc3+ 26. bxc3 Qxd5+ 0-1